| 000 | 00749nam a22002297a 4500 | ||
|---|---|---|---|
| 999 |
_c10944 _d10944 |
||
| 003 | AR-CdUCM | ||
| 008 | 190402b ||||| |||| 00| 0 spa d | ||
| 040 |
_aMUNICIPALIDAD PROVINCIAL DEL CUSCO _cBIBLIOTECA MUNICIPAL DEL CUSCO |
||
| 082 |
_aES / 591.03 / _bR74 |
||
| 100 |
_aRodríguez de la Fuente, Félix _928024 |
||
| 245 |
_aEnciclopedia Salvat de la fauna : _bÁfrica / |
||
| 260 |
_aPamplona : _bSalvat, _c1985. |
||
| 300 |
_a2 tomos ; _bFotografías, _c30 cm. |
||
| 500 | _aLa biblioteca tiene el t.2. | ||
| 505 | _aContenido: t.2: África | ||
| 650 |
_aZoología _918986 |
||
| 650 |
_aEnciclopedias _96681 |
||
| 650 |
_aÁfrica _91289 |
||
| 700 |
_aMosterín, Jesús (director editorial) _928025 |
||
| 942 |
_2ddc _cLIBROS |
||
| 945 | _adavv | ||